| 000 | 00676nam a22002177a 4500 | ||
|---|---|---|---|
| 003 | OSt | ||
| 005 | 20250911143519.0 | ||
| 008 | 250910b |||||||| |||| 00| 0 eng d | ||
| 040 |
_aCO-UdeC _bspa _cCO-UdeC |
||
| 041 | 0 | _aspa | |
| 082 |
_a128.4 _bP438d |
||
| 100 | 1 | _aPérez Uribe, Julián | |
| 245 |
_aDe vuelta a casa : _bexperiencias y filosofía laboral para compartir / _cJulián Pérez Uribe |
||
| 260 |
_aMedellín : _bImpresos Ltda., |
||
| 300 |
_ax, 116 p. ; _c24 cm. |
||
| 650 | 1 | 4 |
_aJubilación _xAspectos sociales |
| 650 | 2 | 4 | _aFilosofía del trabajo |
| 650 | 2 | 4 | _aCrecimiento personal |
| 650 | 2 | 4 | _aÉtica profesional |
| 942 |
_2ddc _cBK _n0 _h128.4 _iP438d |
||
| 999 |
_c2058 _d2058 |
||